000 nam a22 7a 4500
999 _c127116
_d127116
008 171016b xxu||||| |||| 00| 0 eng d
050 _aBR115.W6 M538
245 _aMending the world?
_cEdited by Niclas Blader
260 _aEugene, Oreon
_bPickwick Publication
_c2017
300 _axxii, 520p. ;
_c23cm.
440 _aChurch of Sweden research series
_nv.14
_937092
650 _aChurch and the world
_937093
700 _aBlader, Niclas
_eed.
_937099
700 _aKjellin, Kristina Helgesson
_eed.
_937100
942 _2lcc
_cMONOGRAPH